00963nam a2200265Ia 450000500170000000800410001702000150005810000260007324500720009925000190017130000660019065000510025665000480030765000330035565000340038865000370042265000430045970000330050226400280053533600270056333700330059033800280062304000350065108400110068620220317000508.0160601s2001 ve a g 000 0 spa  a980257225X1 aRosen, Michaeld1946-10aVamos a cazar un oso cMichael Rosen ; ilustrado por Helen Oxembury a2a. edición  a[36] páginas sin enumerar bilustraciones en color c26 cm 142LEMBaÁlbumes infantiles ingleses ySiglo XX142LEMBaLiteratura infantil ingles ySiglo XX142LEMBaOsos en la literatura 142LEMBaMiedo en la literatura 142LEMB aNiños en la literatura 142LEMB aLibros ilustrados para niños 1 aOxenbury, Heleneilustrador  aCaracas bEkaréc2001 atextobtxt2rdacontent asin mediaciónbn2rdamedia avolumenbnc2rdacarrier aCO-BoRNBPbspaerdacCO-BoRNBP aA ROS3